| 000 | 01322cam a22003254a 4500 | ||
|---|---|---|---|
| 999 |
_c217 _d217 |
||
| 001 | 11769850 | ||
| 003 | GZU | ||
| 005 | 20200714131447.0 | ||
| 008 | 990805s2001 nyua b 001 0 eng | ||
| 010 | _a 99044837 | ||
| 020 | _a0471318116 (cl. : alk. paper) | ||
| 035 | _a(DLC) 99044837 | ||
| 040 |
_aDLC _cDLC _dDLC |
||
| 042 | _apcc | ||
| 050 | 0 | 0 |
_aRC454 _b.DAV 2000 |
| 100 | 1 |
_aDavison, Gerald C. _eauthor |
|
| 245 | 1 | 0 |
_aAbnormal psychology / _cGerald C. Davison, John M. Neale. |
| 250 | _a8th ed. | ||
| 260 |
_aNew York : _bJohn Wiley, _cc2001. |
||
| 300 | _axii, 218p. : | ||
| 500 | _aStudy guides by Douglas Hindman | ||
| 504 | _aIncludes bibliographical references and indexes. | ||
| 650 | 0 | _aPsychology, Pathological. | |
| 700 | 1 |
_aNeale, John M., _d1943- _eauthor |
|
| 856 | 4 | 2 |
_3Publisher description _uhttp://www.loc.gov/catdir/description/wiley033/99044837.html |
| 856 | 4 |
_3Table of Contents _uhttp://www.loc.gov/catdir/toc/onix04/99044837.html |
|
| 906 |
_a7 _bcbc _corignew _d1 _eocip _f19 _gy-gencatlg |
||
| 942 |
_2lcc _cBK _e8th ed. _h454 _iDAV _kRC |
||